Đang tải...

A Text Book Of Applied Entomology(methods of insect pest control)-vol.I

Chi tiết về thư mục
Tác giả chính: K P Srivastava
Định dạng: Printed Book
Được phát hành: Ludhiana Kalyani
Những chủ đề:
LEADER 00495nam a22001337a 4500
082 |a 595.7 SRI/AT 
100 |a K P Srivastava 
245 |a A Text Book Of Applied Entomology(methods of insect pest control)-vol.I 
260 |a Ludhiana  |b Kalyani 
300 |a 321 
650 |a introduction  |a insect pest control  |a applied control 
942 |c BK 
999 |c 168359  |d 168359 
952 |0 0  |1 0  |4 0  |6 595_700000000000000_SRI_AT  |7 0  |9 172820  |a KAUCOAP  |b KAUCOAP  |d 2016-01-27  |o 595.7 SRI/AT  |p KAU_COAP01516  |r 2016-01-27  |w 2016-01-27  |y BK